| 000 | 00379nam a2200157 4500 | ||
|---|---|---|---|
| 008 | 190208s1996||||xo d | ||
| 100 | 1 |
_aMcGinnis Loy Alan _9881 |
|
| 245 | 1 | 0 | _aSebadôvera |
| 250 | _a1. vydanie | ||
| 260 |
_bTranoscius _aLiptovský Mikuláš _c1996 |
||
| 300 | _a140 s. | ||
| 020 |
_a80-7140-085-8 _c0 |
||
| 041 | 1 | _aslo | |
| 044 |
_axo _cSK |
||
| 958 | _aAPR | ||
| 999 |
_c22121 _d22121 |
||